000 00605nam a2200217Ia 4500
005 20241129110137.0
008 241129s9999||||xx |||||||||||||| ||und||
020 _a978-977-427-981-2
037 _aTB
040 _aARTS
_beng
_cARTS
041 _aeng
_2ara
084 _aO28,1:g Q5
_qARTS
100 _aNabvi Abdul Azeez Au.
_9727382
245 0 _aAl-urooz wa al-qawafi
_cNabvi Abdul Azeez Au.
260 _aCairo, Egypt
_bAl-darul Misriya al-Lebnania
_c2016
300 _a392p.
365 _aINR
_b750
650 _aArabic Poetry
942 _cTB
_hO28,1:g Q5
999 _c1227469
_d1227469